000 00426cam a22001337a 4500
008 180718b1932 xxu||||| |||| 00| 0 eng d
082 _aLx54 K124
100 _aKale, V.G.
245 _aIndia's national finance since 1921
_cby V.G. Kale
260 _aDelhi
_bUniv. of Delhi
_c1932
300 _a114p.
500 _aSir Kikabhai Premchand REadership lectures delivered in 1932 at Delhi Univ.
650 _aFinance, Public - India
999 _c371057
_d371057